Armed Forces management.

Bibliographic Details
Format: Journal
Language:English
Published: [Washington, etc.] : [Ziff-Davis Publishing Co.]
Subjects:
Online Availability: Check for online availability

MARC

Tag First Indicator Second Indicator Subfields
LEADER 00000cas a2200000 4500
001 in00000040545
005 20151007074456.0
008 751016d19541970dcumr p 0uuua0eng d
010 |a  57058754  
022 |a 0571-0855 
035 |a (OCoLC)01707076 
035 |9 AAF1579AM 
040 |a DLC  |c SUL  |d SUL  |d NYG  |d TXA  |d UtOrBLW 
049 |a TXAE 
050 0 0 |a UB153  |b .A65 
082 0 |a 355.6 
222 0 |a Armed Forces management 
245 0 0 |a Armed Forces management. 
264 1 |a [Washington, etc.] :  |b [Ziff-Davis Publishing Co.] 
300 |a 16 volumes :  |b illustrations, portraits, diagrams ;  |c 29 cm.  |a monthly. 
336 |a text  |b txt  |2 rdacontent 
337 |a unmediated  |b n  |2 rdamedia 
338 |a volume  |b nc  |2 rdacarrier 
362 0 |a v. 1-16, no. 10; Oct. 1954-July 1970. 
651 0 |a United States  |x Armed Forces  |x Management  |x Periodicals. 
999 |a MARS 
999 f f |s 353fd5d2-b815-3f43-a797-6838e8a1c7e2  |i 56ffc64f-cb38-3ade-9c7d-6f05dd7bece2  |t 0 
952 f f |p ric  |a Texas A&M University  |b Rellis Campus  |c Joint Library Facility  |d Remote Storage  |t 0  |e UB153 .A65  |h Library of Congress classification  |i unmediated -- volume  |k v.16:no.1-10  |l 1969:Oct-1970:July  |m A14828086467 
998 f f |a UB153 .A65  |s v.16 (1969/1970)  |t 0  |l Remote Storage